000 00598nam a22001697a 4500
005 20231117122051.0
008 231117b |||||||| |||| 00| 0 eng d
020 _a9780409075304
041 _aEnglish
082 _a343.4 SIL
100 _ade Koker A and Williams, R
_lEnglish
245 _aSilke on South African Income Tax Income Tax Act 58 of 1962 2008/2009 :
_bUpdated to include Acts 3, 4, 60 and 61 of 2008 /
_cA de Koker and R Williams
260 _aDurban :
_bLexisNexis,
_c2009
300 _c25 cm.
650 _aLegal practice
_bLaw
942 _cBK
_6ALISON_BN_VRIES
999 _c767
_d767